000
00296nam a2200121Ia 4500
005
20260326100039.0
008
260326s9999||||xx |||||||||||||| ||und||
100
_a
Pressoir, Catts
245
0
_a
Haiti /
_c
Catts Pressoir
260
_b
Intituto de Geografia e Historia
650
_a
ARTE
942
_c
BK
999
_c
6955
_d
6955